000 00348nam a2200145Ia 4500
008 200103s9999||||xx |||||||||||||| ||und||
020 _a071313240X
040 _aIMU-MPC
082 _aColumn-33
100 _aOxley, A.
245 0 _aMechanical Engineering Science
260 _bEdward Arnold & Co., London
_c1970
300 _ax, 294
942 _cBK
999 _c7747
_d7747